000 00801nam a2200265Ia 4500
003 OSt
005 20220924123535.0
006 a|||||r|||| 00| 0
007 ta
008 220923b |||||||| |||| 00| 0 ara d
020 _a9788191075755 (hbk)
020 _c650.00
024 _a281387
037 _b607, 06/09/2014, Nadwi Publications
_cTextual
040 _aARTS
_cARTS
_bara
041 _2ara
_aara
082 _aQ7:33, 28Q2
100 _aQazi Abdul Majid Au.
_9193107
245 0 _aAl tashbeeh al Qurani fi meezan al fan
260 _aNew Delhi
_b Balagh Publication India
_c2012
300 _a238p.
_ccm.
650 _aPROPHETS
_94238
942 _hQ7:33, 28Q2
_cTEXL
_2CC
999 _c416180
_d416180